Quizzes
Events
Quiz Creation
Community
Videos
Private Events
Remove Ads
Sign In
Join for FREE
Feedback
Dark Mode
Quiz Categories
Sports
Geography
Music
Movies
Television
Just For Fun
Miscellaneous
History
Literature
Language
Science
Gaming
Entertainment
Religion
Holiday
For Kids
Quiz Lab
Recent
Popular Today
Quiz Kudos Today
Editor Picks
Curator Picks
Quizzes by...
Day
Popularity
Type
Ratings
Length
Year
Community
Subscriptions
Recent Discussions
Orange Saloon
Badges
Playlists
Quests
Create
Leaderboards
Showdown
Live 5
Trivia Bingo
Activity
Puzzle Library
Sporcle Events
Private Events
Virtual Trivia
Globe League
Become a Host
Pub Owners
SporcleCon
Opinionation
Our Games
Videos
Blog
Mobile Apps
Partnerships
Remove Ads and Go Orange
Feedback
Literature
Harry Potter
A Song of Ice and Fire
The Hunger Games
Literary Character
Shakespeare
Book
Author
Novel
Poem
Young Adult
Children's Books
Play
Lord of the Rings
Literature
Harry Potter
A Song of Ice and Fire
The Hunger Games
Literary Character
Shakespeare
Book
Author
Novel
Poem
Young Adult
Children's Books
Play
Lord of the Rings
Random Quiz
Search Sporcle
×
Featured
Featured
Literature
Letter
Type in answers that appear in a list
Type in answers that appear in a list
Classic
Best Score? Go Orange.
Lord of the Rings A-Z Stats
Can you name the Lord of the Rings answers for each letter of the alphabet?
By
DrHaldirJones
6m
25 Questions
28.6K Plays
28,575 Plays
28,575 Plays
Comments
Comments
Give Quiz Kudos
Give Quiz Kudos
-
- Ratings
hide this ad
Replay
Link that replays current quiz
Next Quiz
Link to next quiz in quiz playlist
You Got
0%
They Got
Avg Score
69%
Avg Friend Score
Upgrade to see
Score Distribution
Jump to the score distribution portion of the page
Score
0/25
Timer
06:00
18
Plays Today
Letter
Answer
% Correct
A
Aragorn
96.7%
L
Legolas
92.7%
P
Peregrin Took
89.7%
B
Balrog
87.8%
E
Elrond
86.7%
G
Gandalf
84.2%
N
Nazgûl
83.7%
S
Shadowfax
81.2%
O
Orcs
80.3%
D
Déagol
79.1%
R
Rohan
76.4%
H
Helm's Deep
74.6%
F
Fangorn
72.2%
Letter
Answer
% Correct
M
Mithril
70.6%
T
Tom Bombadil
70.3%
W
Wormtongue
69.7%
I
Isengard
68.3%
U
Underhill
66.9%
C
Celeborn
65.3%
J
Jetsam
63.3%
K
Khazad-dûm
47.9%
Y
Yule
42.2%
V
Valinor
39.6%
Q
Quenya
37.8%
Z
Zirak-zigil
12%
Quiz Playlist
Details
Report
Send in Message
Add To Playlist
Classic:
Type in answers that appear in a list
Last Updated: Dec 28, 2021
Featured
Curator Pick in
Alphabet
Quiz Scoreboard
CHALLENGE
Sign Up to Join the Scoreboard
Show All
Scores
Hide
Comments
May contain spoilers
Recently Published
NBA Finals Game Top Scorers (2010s)
by flibbidy
Sports
5m
Guess the 'R' Things in 3 Words
by MSUKent
Miscellaneous
3m
Actor to Badly Drawn Movie III
by MoMosMoProblems
Movies
5m
More to Explore
Quiz From the Vault
Featured Blog Post
Where Does Lost Luggage Go?
hide this ad
You Might Also Like...
Tags
Alphabet Quiz
Book Quiz
Letter Quiz
Literary Character Quiz
Lord of the Rings Quiz
Novel Quiz
A-Z
Character
Middle Earth
place
The Hobbit
Today's Top Quizzes in Literature
Browse Literature
hide this ad
Today's Top Quizzes in Letter
Browse Letter
Top Contributed Quizzes in Literature
1
3-Word Books in 1 Word II
2
Mad Scientists in Literature
3
Image Sorting: Children's Book Characters
4
Pick 3: Harry Potter Hogwarts Quidditch Players
5
HP Logic Puzzle: 'Eyes green as fresh-picked toads...'
6
Harry Potter Logic Quiz New
7
Quick Pick: Literary Title Characters 1
8
Quick Pick: Margaret Atwood Novels
9
Sneaky Slytherin Logic Puzzle
10
A Court of Thorns and Roses (ACoTaR) Logic Puzzle
Explore More
Trending Topics
Crossword
Harry Potter
Disney
NBA
Marvel
Anime
Kpop
NFL
WWE
The Office
Soccer
Puzzle
Song
Pokémon
Country
hide this ad
More By:
DrHaldirJones
Quiz
Plays
Rating
Category
Featured
Created
Lord of the Rings A-Z
28,575
4.76
Literature
Nov 6, 2009
Harry Potter Alphabet
14,075
3.56
Literature
Nov 6, 2009
Blood Ties Episodes
25
Television
Mar 30, 2010
Go to Creator's Profile
Score Distribution
Quiz Creator Spotlight
DrHaldirJones
Follow
Send a Message
Quizzes Created
-
Created Quiz Play Count
-
More By This Creator
Popular Quizzes Today
1
Find the US States - No Outlines Minefield
2
Find the US States
3
The Countries of the World
4
10 Largest US States in Order
5
Find the Countries of Europe - No Outlines Minefield
6
US States
7
Guess the 'R' Things in 3 Words
8
NBA Finals Game Top Scorers (2010s)
More Literature Quizzes
Edgar Allan Poe or Agatha Christie?
Published
Trending Quizzes
First Name TV: Leading Men
Match the Book to the Film II
First Name TV: Leading Women Drama
Match the Book to the Film VI
Pick A Pair: Religious TV
Recently Updated
Women's Final Four Teams by Year
bhenderson79
Presidents Quartet II
eogle
Anything But Clue(do)
eogle
Anything But Oceanian Capitals
eogle
Anything But 7
eogle
Anything But Thing
eogle
Word Ladder: February 29
pecheneg
Song Title Questions
pecheneg
Women's NCAA Tournament #1 Seeds
pecheneg
Celebrity Mug Shots
pecheneg
Trending Topics
Disney
Crossword
Anime
NBA
Marvel
Harry Potter
Kpop
Soccer
NFL
Country
WWE
Puzzle
Song
The Office
Pokémon
Your Account Isn't Verified!
In order to create a playlist on Sporcle, you need to verify the email address you used during registration. Go to your
Sporcle Settings
to finish the process.
Report this User
Report this user for behavior that violates our
Community Guidelines
.
Details:
Send Report
Go to the Sporcle.com Mobile Site →
Comments